Bretagne ou Occitanie ? - Villes en -ac - Statistiques

Statistiques générales
  • Ce quiz a été pris 818 fois
  • Le résultat moyen est 14 sur 20
Statistiques - réponses
Hint Réponse % Correct
Lohéac Bretagne
91%
Miramont-d'Astarac Occitanie
89%
Roquetaillade-et-Conilhac Occitanie
87%
Figeac Occitanie
85%
Inzinzac-Lochrist Bretagne
84%
Moréac Bretagne
77%
Florac Trois Rivières Occitanie
75%
Tinténiac Bretagne
74%
Noyal-Muzillac Bretagne
73%
Gaillac Occitanie
73%
Arcizac-ez-Angles Occitanie
71%
Druelle Balsac Occitanie
70%
Miniac-sous-Bécherel Bretagne
68%
Capdenac Occitanie
62%
Campénéac Bretagne
59%
Panassac Occitanie
59%
Merdrignac Bretagne
54%
Missiriac Bretagne
47%
La Chapelle du Lou du Lac Bretagne
42%
Pouzac Occitanie
37%
Aucun quiz correspondant
Distribution des résultats
% des personnes avec chaque résultat
Percentile par nombre de réponses
Votre historique - résultats
Vous n’avez pas pris ce quiz